Leasing a jeho makroekonomické a mikroekonomické aspekty
Využívanie leasingu. Špecifické makroekonomické a mikroekonomické aspekty leasingu. Využívanie úverových zdrojov. Výhody a nevýhody pre leasingové spoločnosti ako prenajímateľa. Zvyšovanie náročnosti na dodávateľov.
Salvato in:
| Autore principale: | |
|---|---|
| Natura: | Capitolo di libro |
| Lingua: | slovacco |
| Soggetti: | |
| Tags: |
Nessun Tag, puoi essere il primo ad aggiungerne!!
|
MARC
| LEADER | 00000naa a2200000 4500 | ||
|---|---|---|---|
| 001 | r033249 | ||
| 005 | 20230929092801.8 | ||
| 041 | 0 | |a slo | |
| 044 | |a SK | ||
| 245 | 1 | 0 | |a Leasing a jeho makroekonomické a mikroekonomické aspekty |c Milan Majcher |
| 520 | |a Využívanie leasingu. Špecifické makroekonomické a mikroekonomické aspekty leasingu. Využívanie úverových zdrojov. Výhody a nevýhody pre leasingové spoločnosti ako prenajímateľa. Zvyšovanie náročnosti na dodávateľov. | ||
| 610 | 2 | 0 | |a lízing |
| 610 | 2 | 0 | |a úver |
| 610 | 2 | 0 | |a spoločnosti lízingové |
| 610 | 2 | 0 | |a dane z hodnoty pridanej |
| 610 | 2 | 0 | |a bilancia obchodná |
| 610 | 2 | 0 | |a podnikanie |
| 610 | 2 | 0 | |a zmluvy poistné |
| 610 | 2 | 0 | |a ponuka |
| 610 | 2 | 0 | |a dopyt |
| 610 | 2 | 0 | |a investície |
| 610 | 2 | 0 | |a bilancia platobná |
| 610 | 2 | 0 | |a rezervy devízové |
| 100 | 1 | |a Majcher, Milan | |